Culture Générale - Série 2676 - Statistiques

Statistiques générales
  • Ce quiz a été pris 110 fois
  • Le résultat moyen est 5 sur 10
Statistiques - réponses
Question Réponse % Correct
Quel humoriste et comédien français avait annoncé sa candidature à l'élection présidentielle de 1981 avant de se retirer ? Coluche
93%
L'Italie possède des frontières avec la France, la Suisse, l'Autriche et la .... Slovénie
80%
Dans quelle ville française se trouve la Cité de l'espace ? Toulouse
78%
Quel est le pays d'origine de la chanteuse Kylie Minogue ? Australie
71%
Complètez le titre du roman de John Steinbeck " Des souris et des ..." hommes
70%
Quel chanteur français né en 1947 avait pour parents Fernand et Jackie ? prénom et nom Michel Sardou
47%
Quel fleuve traverse la ville de Phnom Penh ? Mékong
37%
Quel était le prénom de l'auteur de "La Critique de la Raison pure" ? Emmanuel
33%
Quelle est la fleur symbole du Pays de Galles ? jonquille
7%
Dans le film d'Etienne Chatiliez de 1988 "La vie est un long fleuve tranquille", qui incarne le Père Auberger ? prénom et nom Patrick Bouchitey
4%
Aucun quiz correspondant
Distribution des résultats
% des personnes avec chaque résultat
Percentile par nombre de réponses
Votre historique - résultats
Vous n’avez pas pris ce quiz